Traité de la science des finances / (Record no. 141790)

MARC details
000 -LEADER
campo de control de longitud fija 00913nam a2200181 i 4500
001 - NÚMERO DE CONTROL
campo de control 141790
003 - IDENTIFICADOR DE NÚMERO DE CONTROL
campo de control ES-MaACL
005 - FECHA Y HORA DE LA ÚLTIMA TRANSACCIÓN
campo de control 20230906200353.0
007 - CAMPO FIJO DE DESCRIPCIÓN FÍSICA--INFORMACIÓN GENERAL
campo de control de longitud fija t|
008 - DATOS DE LONGITUD FIJA--INFORMACIÓN GENERAL
campo de control de longitud fija 070928m19091913fr ||||1| fre d
100 1# - ENTRADA PRINCIPAL--NOMBRE DE PERSONA
Nombre de persona Wagner, Adolph.
9 (RLIN) 115834
245 10 - MENCIÓN DEL TÍTULO
Título Traité de la science des finances /
Mención de responsabilidad, etc. A. Wagner ; trad. française abrégée... par Henry Vouters.
260 ## - PUBLICACIÓN, DISTRIBUCIÓN, ETC.
Lugar de publicación, distribución, etc. Paris :
Nombre del editor, distribuidor, etc. V. Giard et E. Brière,
Fecha de publicación, distribución, etc. 1909-1913.
300 ## - DESCRIPCIÓN FÍSICA
Extensión 5 v. ;
Dimensiones 23 cm.
505 8# - NOTA DE CONTENIDO CON FORMATO
Nota de contenido con formato Contiene: I. L'organisation de l'économie financière (budget, comptabilité, contrôle), les besoins financiers, les recettes ordinaires en général et les acquêts privés en particulier -- II. Théorie de l'imposition, théorie des taxes et théorie générale des impôts -- III. Le crédit public -- IV y V. Histoire de l'impôt depuis l'Antiquité jusqu'áa nos jours
700 1# - ENTRADA AGREGADA--NOMBRE PERSONAL
Nombre de persona Vouters, Henry.
9 (RLIN) 115752
852 ## - LOCALIZACIÓN
Ubicación ES-MaACL
Número de control de estantería D-4076-80
Holdings
Estatus retirado Estado de pérdida Estado de daño No para préstamo Biblioteca de origen Biblioteca actual Ubicación en estantería Fecha de adquisición Fuente de adquisición Total de préstamos Signatura topográfica completa Código de barras Visto por última vez Precio de reemplazo Tipo de ítem Koha
        Biblioteca del Ateneo de Madrid Biblioteca del Ateneo de Madrid Sala Valle Inclán 17/01/2008     D-4076-80 901147534 23/02/2023 23/02/2023 Libro impreso